| 000 | 004560000a22001690004500 | ||
|---|---|---|---|
| 003 | MACL | ||
| 005 | 20151229153132.0 | ||
| 008 | 151229b xxu||||| |||| 00| 0 eng d | ||
| 040 |
_aMACL _cMACL |
||
| 041 | _aEnglish | ||
| 082 | _a294.5/AIY | ||
| 100 |
_aAiyangar, K V Rangaswami _924085 |
||
| 245 | _aSome Aspects of the Hindu View of Life Acconding to Dharmasastra | ||
| 260 |
_bBarora _c1952 |
||
| 650 |
_aReligion _924086 |
||
| 942 |
_cBK _k294.5/Aiy _2ddc |
||
| 999 |
_c34804 _d34804 |
||